000 00517nam a22001817a 4500
999 _c160725
_d160725
003 dpl
005 20190208145705.0
008 190208b ||||| |||| 00| 0 eng d
010 _aA-940454
020 _a8187068094
040 _aDPL
_bEN
_c0
082 _a331.4
100 _aBansal,Indu
245 _aGirls with working and Non working mothers/
_bA Comparative Study
_cIndu Bansal
260 _aJaipur
_bClassic Publications
_c1998
300 _a150P:
_c23CM
942 _2ddc
_cEN
_h331.4
_kBansal